000 01258nam a22003137a 4500
001 BR8102871
003 BR-BrBNA
005 20230928090944.0
007 ta
008 230509b bl.||||| |||| 00| 0 por d
040 _aBR-BrBNA
_bpor
_cBiblioteca Nacional de Agricultura
041 _a(Por)
072 _aH10
_b0430
_b4020
_b/G514
090 _ 0430 BR8102871
100 1 _aCarvalho, S.M. de
110 1 _aEscola Superior de Agricultura Luiz de Queiroz, Piracicaba, SP (Brasil)
_0Tese (Mestre em Entomologia)
245 1 _aBiologia e nutricao quantitativa de alabama argillacea (Huebner, 1818)(Lepidoptera, noctuidae)em tres cultivares de algodoeiro [Gossypium hirsutum; Praga de planta; Curuquere; Lagarta; Brasil]
246 1 _a[Biology and quantitative nutrition of Alabama argilacea (Huebner, 1818)(Lepidoptera: Noctuidae)on three cotton cultivars [Gossypium hirsutum; Pest of plant; Worm; Brazil]
260 3 _aPiracicaba, SP (Brasil):
_c1981.
300 _a97 p.
500 _a14 illus.; 27 tables; Summaries (Eng, Por); Bibliography p. 85-97 (103 ref.)
650 _aPraga de planta
650 _aAlgodao
650 _aCuruquere
650 _aLagarta
650 _aBiologia
909 _a202309
_bLucia
_c55
_dLucia Elande
942 _cBK
999 _c31449
_d31449